000 00854nam a22002057a 4500
999 _c216434
_d216434
005 20260316093755.0
008 260316b ||||| |||| 00| 0 eng d
040 _aLC
_cUNZA
_dUNZA
_eRDA
050 _aZAMB BR 125.5
_bROC 1978
100 _aRochford, Jude Maria
245 _aZambian Christian reflections with Scripture readings :
_ba series of daily Zambian meditations, reflections, with points of self-examination and with Bible references /
_cJude Maria Rochford ; with a foreword by Medardo J. Mazombwe.
260 _aNdola:
_bMission Press,
_c1978.
300 _axiii, 154 pages:
_billustrations.
504 _aIncludes bibliographical references.
650 _aYouth
_xPrayers and devotions
650 _aYouth
_zZambia
650 _aDevotional calendars
_xCatholic Church
700 _a Mazombwe, Medardo J.
_eForwarder
942 _cZAMBIANA